Sports Quiz

Random Sports or NCAA Quiz
Score 0/34 Timer 03:00
0 Plays Today
Year Schools % Correct
1997Michigan
92.6%
1974USC
91.9%
1978USC
91.9%
2003USC
91.9%
1970Texas
88.1%
1961Alabama
87.4%
1964Alabama
87.4%
1964Notre Dame
87.4%
1965Alabama
87.4%
1966Notre Dame
87.4%
1973Alabama
87.4%
1973Notre Dame
87.4%
1978Alabama
87.4%
1970Nebraska
85.9%
1997Nebraska
85.9%
1954Ohio State
85.2%
1957Ohio State
85.2%
Year Schools % Correct
1961Ohio State
85.2%
1970Ohio State
85.2%
1974Oklahoma
84.4%
1990Georgia Tech
82.2%
1991Miami (FL)
80.7%
1990Colorado
80%
1991Washington
79.3%
1958LSU
75.6%
1965Michigan State
75.6%
1966Michigan State
75.6%
2003LSU
75.6%
1954UCLA
73.3%
1957Auburn
68.9%
1964Arkansas
65.2%
1960Minnesota
61.5%
1960Mississippi
53.3%
1958Iowa
51.1%
Remove Ads.
Support Sporcle.
Get the best of Sporcle when you Go Orange. This ad-free experience offers more features, more stats, and more fun while also helping to support Sporcle. Thank you for becoming a member.

You're not logged in!

Compare scores with friends on all Sporcle quizzes.
OR
Log In

Show Comments

Extras

Top Quizzes Today


Score Distribution

Your Account Isn't Verified!

In order to create a playlist on Sporcle, you need to verify the email address you used during registration. Go to your Sporcle Settings to finish the process.

Report this User

Report this user for behavior that violates our Community Guidelines.

Details: